Vocabulario manual de las lenguas castellana, y mexicana en que se contienen las palabras, preguntas, y respuestas mas communes, y ordinarias, que se suelen offrecer en el trato, y communicacion entre españoles è indios / (Record no. 151542)

MARC details
000 -LEADER
campo de control de longitud fija 01012nam a22002175i 4500
001 - NÚMERO DE CONTROL
campo de control 151542
003 - IDENTIFICADOR DE NÚMERO DE CONTROL
campo de control ES-MaACL
005 - FECHA Y HORA DE LA ÚLTIMA TRANSACCIÓN
campo de control 20230906204242.0
008 - DATOS DE LONGITUD FIJA--INFORMACIÓN GENERAL
campo de control de longitud fija 010905q17011800mx |||| | spa d
040 ## - FUENTE DE CATALOGACIÓN
Centro catalogador/agencia de origen CCPB | B
Lengua de catalogación spa
Centro/agencia transcriptor CCPB | B
100 1# - ENTRADA PRINCIPAL--NOMBRE DE PERSONA
Nombre de persona Arenas, Pedro de.
9 (RLIN) 22600
245 10 - MENCIÓN DEL TÍTULO
Título Vocabulario manual de las lenguas castellana, y mexicana en que se contienen las palabras, preguntas, y respuestas mas communes, y ordinarias, que se suelen offrecer en el trato, y communicacion entre españoles è indios /
Mención de responsabilidad, etc. compuesto por Pedro de Arenas.
260 ## - PUBLICACIÓN, DISTRIBUCIÓN, ETC.
Lugar de publicación, distribución, etc. Impresso en Mexico :
Nombre del editor, distribuidor, etc. en la imprenta de Francisco de Rivera Calderon ...,
Fecha de publicación, distribución, etc. [s.a.]
300 ## - DESCRIPCIÓN FÍSICA
Extensión [12], 140 p. ;
Dimensiones 8º.
596 ## - NOTA AL PIE DE IMPRENTA
NOTA AL PIE DE IMPRENTA Probablemente impreso en el S. XVIII.
597 ## - NOTA DE DESCRIPCIÓN FÍSICA
NOTA DE DESCRIPCIÓN FÍSICA Sign.: A-I8, K4.
597 ## - NOTA DE DESCRIPCIÓN FÍSICA
NOTA DE DESCRIPCIÓN FÍSICA Port. con orla tip.
650 #4 - PUNTO DE ACCESO ADICIONAL DE MATERIA--TÉRMINO DE MATERIA
Término de materia o nombre geográfico como elemento de entrada Lengua nahua-
Subdivisión de forma Diccionarios-
Subdivisión general Español.
9 (RLIN) 155199
650 #4 - PUNTO DE ACCESO ADICIONAL DE MATERIA--TÉRMINO DE MATERIA
Término de materia o nombre geográfico como elemento de entrada Lengua española-
Subdivisión de forma Diccionarios-
Subdivisión general Nahua.
9 (RLIN) 155200
852 ## - LOCALIZACIÓN
Ubicación ES-MaACL
Número de control de estantería R-2923
Nota libre -- Enc. perg. con cierres
Encuadernación -- Olim: D-3983
Holdings
Estatus retirado Estado de pérdida Estado de daño No para préstamo Biblioteca de origen Biblioteca actual Ubicación en estantería Fecha de adquisición Fuente de adquisición Total de préstamos Signatura topográfica completa Código de barras Visto por última vez Precio de reemplazo Tipo de ítem Koha
        Biblioteca del Ateneo de Madrid Biblioteca del Ateneo de Madrid Depósito 17/01/2008     R-2923 1158126 23/02/2023 23/02/2023 Libro impreso